000 00564nmm a2200229 a 4500
003 AR-BaBNM
005 20251128211333.0
008 274020s1995 ||||||||||||||000 | spa||
020 _a84-205-2512-X
040 _cAR-BaBNM
100 1 _aBeltrán, Jordi
245 1 0 _aGuía de los derechos humanos
260 _aMadrid
_bAlhambra Longman
_c1995
300 0 _a191 p.
610 2 4 _aONU
650 4 _aENSENANZA DE LAS CIENCIAS SOCIALES
650 4 _aDERECHOS HUMANOS
650 4 _aEDUCACION
700 1 _aRoig, Antonio
942 _cBK
998 _cmariana
999 _c19227
_d19227